000 00528nam a2200217Ia 4500
008 160803s9999 xx 000 0 und d
020 _a9780439876476
100 _aBauer, Jeff
245 _aCool penguins /
245 _cJeff Bauer.
260 _aNew York :
260 _bScholastic Inc.
260 _c2007
300 _a24 pages :
300 _bcolor illustrations ;
300 _c23 cm.
440 _aScience vocabulary readers.
650 _aPenguins --
650 _xJuvenile literature.
700 _a610
999 _c299483
_d299483